Floating and bioadhesive delivery system of metoprolol succinate: Formulation, development and in vitro evaluation Mohan Rathi, Rohan Medhekar, Ashish Pawar, Chetan Yewale, Vilas Gudsoorkar (Record no. 331359)
[ view plain ]
| 000 -LEADER | |
|---|---|
| fixed length control field | 00538nam a2200133Ia 4500 |
| 008 - FIXED-LENGTH DATA ELEMENTS--GENERAL INFORMATION | |
| fixed length control field | 170516s9999 xx 000 0 und d |
| 245 ## - TITLE STATEMENT | |
| Title | Floating and bioadhesive delivery system of metoprolol succinate: Formulation, development and in vitro evaluation Mohan Rathi, Rohan Medhekar, Ashish Pawar, Chetan Yewale, Vilas Gudsoorkar |
| 260 ## - PUBLICATION, DISTRIBUTION, ETC. (IMPRINT) | |
| Name of publisher, distributor, etc | Asian Journal of Pharmaceutics |
| 260 ## - PUBLICATION, DISTRIBUTION, ETC. (IMPRINT) | |
| Date of publication, distribution, etc | 2012 |
| 300 ## - PHYSICAL DESCRIPTION | |
| Extent | 6:3 |
| 500 ## - GENERAL NOTE | |
| General note | July-September |
| 650 ## - SUBJECT ADDED ENTRY--TOPICAL TERM | |
| General subdivision | Pharmacy |
| 856 ## - ELECTRONIC LOCATION AND ACCESS | |
| Uniform Resource Identifier | <a href="http://www.asiapharmaceutics.info/index.php/ajp/issue/view/29">http://www.asiapharmaceutics.info/index.php/ajp/issue/view/29</a> |
| Withdrawn status | Lost status | Damaged status | Home library | Current library | Date acquired | Total Checkouts | Date last seen | Price effective from | Koha item type |
|---|---|---|---|---|---|---|---|---|---|
| College Library | College Library | 05/16/2017 | 05/16/2017 | 05/16/2017 | Foreign e-journal articles |